000 00912nam a2200217 a 4500
003 AM-YeHGA
040 _aAM-YeHGA
090 _c438802
005 20250617155629.0
008 180322s1956 ru |||||r|||||000|0|rus||
041 0 _arus
245 0 0 _aРеволюционные события 1905-1907 гг. в Якутии :
_bСборник статей /
_cАН СССР. Якут. филиал. Ин-т языка, литературы и истории.
260 _aЯкутск :
_bКн. изд-во,
_c1956.
300 _a133 с ;
_c22 см.
546 _aПарал. тит. л. на якут. яз.
650 1 4 _aИстория
650 1 4 _aРеволюция 1905-1907 гг.
_vСборники
_zЯкутия
710 2 _aАкадемия наук СССР
710 2 _aЯкутский филиал
_bИнститут языка, литературы и истории
942 _2udc
_cBK
999 _c436141
_d436141